000 00821nam a2200265 a 4500
001 000110742
003 CHAP
005 20220329144145.0
008 141001s2013 mx a |s| |1|||||spa d
010 _a107204
011 _a108176
020 _a9786071202925
040 _cCHAP
090 _aCD-406
111 2 _aForo de avances de investigación
_n(7:
_d2012:
_cChapingo, Méx.)
_9128558
245 1 0 _aMemorias del séptimo foro de avances de investigación 2012
_h[Disco Compacto]
_ccompilado por Ignacio López Cerino.
260 _aChapingo, Méx. :
_bUACH,
_c2013.
300 _a1 CD ROM ;
_c4 3/4 plg.
590 _aE5652GLJ
_b05
_c20141001
_lUCH01
_h1145
650 1 4 _aAgricultura
_xCongresos
_zMéxico
_91377
700 0 _aLópez Cerino, Ignacio
_ecomp.
_967765
901 _aBK
942 _cCD
942 _n0
999 _c107204
_d107204